Лондон (Запис номер 81445)
[ съкратено ]
| 000 -Лидер | |
|---|---|
| Контролно поле с фиксирана дължина | 02134nam a2200457 c 4500 |
| 003 - Код на организацията, давaща контролен номер | |
| Контролно поле | BLK |
| 005 - Дата и час на последна редакция | |
| Контролно поле | 20240813094607.0 |
| 008 - Елементи от данни с фиксирана дължина | |
| fixed length control field | 180408b bul|||||r ||||||| ||bul|| |
| 010 ## - Наследен системен номер | |
| LC control number | KNG00085949000 |
| 020 ## - Международен стандартен номер на книга ISBN | |
| Международен стандартен номер на книга ISBN | 978-954-27-0199-6 |
| -- | издат.: Егмонт България |
| 040 ## - Източник на каталожния запис | |
| Идентификатор на билиотеката - собственик на записа | BLK |
| 041 ## - Код за език | |
| Код за езика на текст/звукозапис или на отделно заглавие | Български |
| Код за езика КДБФ | Български |
| 080 ## - УДК | |
| Текстов определител УДК | Краезнание |
| УДК код - определител по УДК | 908 |
| УДК определител | (410-25)(036) |
| УДК - код + определител | 908(410-25)(036) |
| 080 ## - УДК | |
| Текстов определител УДК | Забавно пътуване. Туризъм - пътуване пеша, с кола, колело, автобус, влак, параход, самолет, изкачване на планина, ездене и др. п. |
| УДК код - определител по УДК | 379.85 |
| УДК определител | (410-25)(036) |
| УДК - код + определител | 379.85(410-25)(036) |
| 100 1# - Редна дума - Автор | |
| Автор | Никълсън, Луиз |
| Авторска отговорност | първи автор |
| R(LIN) | 300111 |
| 139 ## - Редно поле | |
| Редна дума | Никълсън, Луиз |
| Авторски знак | Нику - Н 78 |
| 245 10 - Сведения за заглавието | |
| Заглавие | Лондон |
| Подзаглавни данни | Пътеводител : Дворци ; Музеи ; Поети ; История ; Улични пазари ; Паркове ; Пъбове ; Градини ; Ресторанти ; Еднодневни пътувания |
| Редно поле (дума) | Луиз Никълсън; прев. Ирина Димитрова. |
| 257 ## - Страна на издаване | |
| Страна на създаване/издаване | Съединени американски щати |
| 260 ## - Област на издателските данни | |
| -- | София |
| Име на издателя, разпространителя и проч. | Егмонт България |
| Година на издаване | 2008 |
| 300 ## - Физическа характеристика | |
| Страници | 272 с. |
| Илюстрации и др. | с цв. ил. |
| Размери/Мащаб | 22 см |
| 380 ## - Жанр | |
| Жанр | История |
| 490 1# - СЕРИИ (Колекции) | |
| Име на серия | National Geographic пътеводител |
| 500 ## - Общи забележки | |
| Забележка | Без сведение за ориг. загл. - Азб. показалец. |
| 590 ## - Забележки на библиотеката, притежаваща документа (RLIN) | |
| Служебно | ф |
| 650 #4 - Допълнително описание по предмет – тема | |
| Основно описание – тема или топоним | Лондон - пътеводители |
| 9 (RLIN) | 244532 |
| 650 #4 - Допълнително описание по предмет – тема | |
| Основно описание – тема или топоним | Туризъм - пътеводители |
| 9 (RLIN) | 266805 |
| 650 #4 - Допълнително описание по предмет – тема | |
| Основно описание – тема или топоним | Градове - Великобритания |
| 9 (RLIN) | 293577 |
| 651 #4 - Допълнително описание по предмет - топоним | |
| Географско понятие | Лондон |
| 9 (RLIN) | 179154 |
| 651 #4 - Допълнително описание по предмет - топоним | |
| Географско понятие | Великобритания |
| 9 (RLIN) | 178698 |
| 653 ## - Ключова дума – ненормативна | |
| Ключова дума | Лондон |
| 653 ## - Ключова дума – ненормативна | |
| Ключова дума | пътеводители |
| 653 ## - Ключова дума – ненормативна | |
| Ключова дума | туризъм |
| 653 ## - Ключова дума – ненормативна | |
| Ключова дума | градове |
| 700 1# - Други автори (авторска отговорност) | |
| Лично име | Димитрова, Ирина |
| Автороска отговорност (Описва отношението между автора и произведението) | прев. |
| 9 (RLIN) | 363468 |
| 852 ## - Местоположение | |
| Форматна сигнатура | Цб 241563 |
| 856 4# - Електронен адрес и достъп | |
| Електронен формат | pdf - файл |
| Път до файла /url/ | |
| 856 4# - Електронен адрес и достъп | |
| Електронен формат | pdf - файл |
| Път до файла /url/ | |
| 942 ## - АРТИКУЛИ | |
| Вид на библиотечния материал | Книги |
| Скрит в OPAC | Не |
| Koha issues (borrowed), all copies | 15 |
| 944 ## - СЪЗДАВАНЕ И РЕДАКЦИЯ на ЗАПИСА | |
| Създаване/Редакция | Създаване |
| Дата на регистрацията/редакция | 20.10.2008 |
| Служител, извършил регистрацията/редакцията | 30576 |
| Статус, дата на статуса | Цветомила Тодорова |
| 944 ## - СЪЗДАВАНЕ И РЕДАКЦИЯ на ЗАПИСА | |
| Създаване/Редакция | Редакция |
| Дата на регистрацията/редакция | 06.04.2011 |
| Служител, извършил регистрацията/редакцията | |
| 999 ## - СИСТЕМНИ КОНТРОЛНИ НОМЕРА | |
| Koha biblionumber | 81445 |
| Koha biblioitemnumber | 81445 |
| Код за отписване | Код за изгубен артикул | Източник на класификационната схема | Код за повреда | Коз за рестрикции | Код за отдаване | Артикулен № | Име на библиотеката - собственик | Име на библиотеката, в която се намира в момента | Статус (Текущо местоположение) | Дата на вписване в системата | Местоположение - отдел | Цена в лева | Инвентарен номер | Систематично азбучна сигнатура | Баркод | Номер на екземпляра | Цена в евро | Служебна бележка | Служебен тип на артикула |
|---|---|---|---|---|---|---|---|---|---|---|---|---|---|---|---|---|---|---|---|
| Не е изгубен | Universal Decimal Classification | Не е повреден | само за читалня | ползва се в читалня | 132145 | Регионална библиотека "Любен Каравелов" Русе | Регионална библиотека "Любен Каравелов" Русе | Читалня | 2008-10-06 | Читалня | 19.90 | 120000730347 | Ч 908/Н 78 | 120000730347 | 1 | 10.17 | Дост: Pk Вид: Ф N: 8680 Дата: 03.10.2008 Дата инв: 30.03.2017 Бележки инв: Ч2017 | Книги | |
| Изтеглен | Не е изгубен | Не е повреден | без рестрикции | заемане за дома | 132146 | Регионална библиотека "Любен Каравелов" Русе | Регионална библиотека "Любен Каравелов" Русе | Заемна - подръчен фонд | 2008-10-14 | Заемна - подръчен фонд | 19.90 | 120000730417 | П 908/Н 78 | 120000730417 | 2 | 10.17 | Дост: Pk Вид: Ф N: 8702 Дата: 14.10.2008 | Книги | |
| Не е изгубен | Не е повреден | без рестрикции | ползва се в читалня | 132147 | Регионална библиотека "Любен Каравелов" Русе | Регионална библиотека "Любен Каравелов" Русе | Хранилище | 2009-04-08 | Хранилище | 19.90 | 120000734839 | Цб 241563 | 120000734839 | 3 | 10.17 | Дост: Dp Вид: Д N: 45 Дата: 22.10.2008 | Книги | ||
| Не е изгубен | Не е повреден | без рестрикции | заемане за дома | 132148 | Регионална библиотека "Любен Каравелов" Русе | Регионална библиотека "Любен Каравелов" Русе | Заемна - подръчен фонд | 2011-03-29 | Заемна - подръчен фонд | 19.90 | 120000750262 | П 908/Н 78 | 120000750262 | 4 | 10.17 | Дост: DA Вид: А N: 4 Дата: 29.03.2011 Дата инв: 07.02.2018 Бележки инв: П2018 | Книги |